000 00872nam a2200253 i 4500
003 DO-SdBNP
005 20240510101429.0
006 a||||gr|||| 00| 0
007 ta
008 240510e1976 dr ||||| |||| 00| 0 spa d
040 _aDO-SdBNP
_bspa
_cBNPHU
_erda
082 4 _222
_bT465m
100 1 _aThomen, Antonio
_919711
_eautor
245 1 0 _aMatrimonio civil y matrimonio religioso, divorcio, nulidad y concordato /
_cAntonio Thomen A.
264 1 _aSanto Domingo :
_bNacional.
_c1976
300 _a28 páginas ;
_c21 cm.
336 _2rdacontent
_atexto
_btxt
337 _2rdamedia
_asinmediación
_bn
338 _2rdacarrier
_avolumen
_bnc
500 _aRecopilación de artículos publicados en el vespertino "La Noticia", en fecha 21 y 22 de junio y 13 y 14 de julio de 1976.
590 _aInventariado 2024 / MF
650 4 _aMatrimonio
_9797
942 _2ddc
_cLF2
999 _c56626
_d56626